1862 1748 1734 1555 1808 1466 1992 1216 1623 1726 1169 1841 1515 1557 1450 1755 1602 1516 1774 1869 1614 1514 1604 1215 1907 1956 1021 1077 1011 1456 1920 1773 1714 1859 1359 1070 1060 1578 1314 1892 1735 1298 1643 1292 1008 1115 1960 1451 1175 1161 1035 1507 1815 1761 1878 1351 1499 1368 1023 1796 1408 1962 1799 1040 1722 1508 1432 1854 1099 1377 1267 1590 1376 1908 1618 1432 1614 1393 1806 1386 1634 1285 1909 1314 1754 1985 1418 1787 1533 1194 1397 1175 1020 1423 1001 1354 1703 1702 1778 BCNSPRNW ULIB Ver.6.0+V

เปลี่ยนเป็นภาษาไทย

Change to English
 แสดงรายละเอียดบรรณานุกรม
  กลับหน้าหลัก

Brief Record : Get Marc (ISO 2709) : E-mail record : QR code < ปิดหน้าต่าง
LEADER : 00000nam 2200000uu 4500
001    13399125983
003     ULIB
008    171201s2560||||th 000 0 tha d
020    ^a9786164296312
050    ^aLB2832.4.T5^bน674จ
100    ^aนิวัตต์ น้อยมณี และ กัญภร เอี่ยมพญา.
245    ^aจิตวิญญาณครู/^cนิวัตต์ น้อยมณี และ กัญภร เอี่ยมพญา.
260    ^aนนทบุรี :^b21 เซ็นจูรี่,^c2560
300    ^a329 หน้า;^b^c21 ซม.
650    ^aครู
650  0 ^aครู-จิตวิญญาณ
945    ^p180^l0^i25709
999    ^aกัณชพร จุลอักษร
รายการนี้ยังไม่มีแท็ก
คุณยังไม่ได้ล็อกอิน คุณสามารถมีกิจกรรมร่วมกับเว็บไซต์ได้ แต่ต้องล็อกอินก่อน ::
  ล็อกอิน

รายการสื่อสารสนเทศ

ลำดับที่ ประเภท เลขเรียก/บาร์โค้ด สถานที่ สถานะ
1. วิทยาศาสตร์การแพทย์ และสุขภาพ
วิทยาศาสตร์การแพทย์ และสุขภาพ
LB2832.4.T5 น674จ ฉ.1 
  Barcode: 25709
ห้องสมุดวิทยาเขตนครสวรรค์
►หนังสือทั่วไป:l:General Books
บนชั้น

รายการใกล้เคียง
    หัวเรื่อง [ครู]
    หัวเรื่อง [ครู-จิตวิญญาณ]

BibComment


ยังไม่เคยถูกคอมเมนท์

คอมเมนท์ทรัพยากรรายการนี้
  คอมเมนท์: จิตวิญญาณครู นิว..


 Copyright 2026. Bcnsprnw @Library